| 000 | 01071cam a2200253 4500 | ||
|---|---|---|---|
| 001 | WB3701-16 | ||
| 008 | 000000n2000 000 0 eng u | ||
| 035 | _a(Sirsi) u110085 | ||
| 245 | _aSouth MPs warn of prosperity crisis | ||
| 260 | _c2000 | ||
| 490 |
_aGuardian _v 27 December 2000, 5(1) |
||
| 520 | _aThe creation of new jobs in parts of southern England is pushing up house prices. Concerned Labour MPs in southern England, particularly the Thames Valley corridor, are lobbying government to stop creating new jobs in their constituencies. They warn of a crisis of prosperity, the symptoms of which include excessive housebuilding, transport congestion and significant public sector recruitment problems. | ||
| 590 | _aWB | ||
| 650 | _aHOUSE PRICES | ||
| 650 | _aJOBS | ||
| 650 | _aEMPLOYMENT | ||
| 650 | _aSOUTHERN ENGLAND | ||
| 650 | _aTHAMES VALLEY | ||
| 650 |
_aAffordable housing _96215 |
||
| 650 | _aPUBLIC SECTOR WORKERS | ||
| 650 | _aLABOUR SHORTAGES | ||
| 690 | _aPROPERTY-RESIDENTIAL PROPERTY-RESIDENTIAL PROPERTY MARKET | ||
| 942 | _n0 | ||
| 999 |
_c65657 _d65657 |
||